| 000 | 01462nam a2200361 a 4500 | ||
|---|---|---|---|
| 001 | ebr10369728 | ||
| 003 | CaPaEBR | ||
| 006 | m u | ||
| 007 | cr cn||||||||| | ||
| 008 | 010607s2001 enk sb 001 0 eng d | ||
| 010 | _z 2001269600 | ||
| 020 | _z076196407X | ||
| 020 | _z0761964088 (pbk.) | ||
| 020 | _z9780761964070 | ||
| 020 | _z9780857022196 (e-book) | ||
| 040 |
_aCaPaEBR _cCaPaEBR |
||
| 035 | _a(OCoLC)607521790 | ||
| 043 | _ae-uk--- | ||
| 050 | 1 | 4 |
_aBF637.C6 _bS87 2001eb |
| 082 | 0 | 4 |
_a361/.06/0683 _221 |
| 245 | 0 | 0 |
_aSupervising counsellors _h[electronic resource] : _bissues of responsibility / _cedited by Sue Wheeler and David King. |
| 260 |
_aLondon ; _aThousand Oaks, Calif. : _bSAGE, _c2001. |
||
| 300 | _aviii, 197 p. | ||
| 504 | _aIncludes bibliographical references and index. | ||
| 505 | 0 | _apt. 1. Professional issues for the supervision of counsellors : clinical-legal-ethical -- pt. 2. Contexts -- pt. 3. Wider issues. | |
| 533 |
_aElectronic reproduction. _bPalo Alto, Calif. : _cebrary, _d2013. _nAvailable via World Wide Web. _nAccess may be limited to ebrary affiliated libraries. |
||
| 650 | 0 |
_aCounselors _xSupervision of _zGreat Britain. |
|
| 655 | 7 |
_aElectronic books. _2local |
|
| 700 | 1 | _aKing, David. | |
| 700 | 1 |
_aWheeler, Sue, _d1948- |
|
| 710 | 2 | _aebrary, Inc. | |
| 856 | 4 | 0 |
_uhttp://site.ebrary.com/lib/rucke/Doc?id=10369728 _zAn electronic book accessible through the World Wide Web; click to view |
| 999 |
_c110143 _d110143 |
||